00254nam a22000977a 4500100001900000245007100019260002600090300000900116650001500125650001600140 aGamage,K.G.P.N aUse of Organic and Inorganic Fertilizers in Sri Lankan Agriculture aColombobICHEMCc2012 a26 p aFertilizer aAgriculture